Normal view
MARC view
- Biotechnology for Aridland plants
Entry Topical Term
001 - CONTROL NUMBER
- control field: 2948
003 - CONTROL NUMBER IDENTIFIER
- control field: JO-AjAnu
005 - DATE AND TIME OF LATEST TRANSACTION
- control field: 20230606070803.0
008 - FIXED-LENGTH DATA ELEMENTS
- fixed length control field: 230606|| aca||aabn | a|a d
040 ## - CATALOGING SOURCE
- Original cataloging agency: JO-AjAnu
- Transcribing agency: JO-AjAnu
150 ## - HEADING--TOPICAL TERM
- Topical term or geographic name entry element: Biotechnology for Aridland plants
670 ## - SOURCE DATA FOUND
- Source citation: Work cat.: (JO-AjAnu)1544: Mabry,tom, author 2947, Biotechnology for Aridland plants